000 01025nam a2200265 u 4500
001 000029816
005 20200930055828.0
008 100806s2010 dr r 000 0 spa d
040 _aDO-SdBNP
_bspa
_cBNPHU
082 _a344.092
_bR426L, 2010
110 1 _aRepública Dominicana
_9447
240 1 3 _a[Leyes, etc.]
245 1 0 _aLey No. 502-08 del libro y bibliotecas.
246 1 4 _aLey del libro y bibliotecas
260 _aSanto Domingo :
_bBiblioteca Nacional Pedro Henríquez Ureña,
_c2010.
_fEditora Búho
300 _axxiv, 82 p. ;
_c23 cm.
490 1 _aPopular
581 _aPublicado en: Gaceta Oficial. Año CXLVI, No. 10502, Santo Domingo de Guzmán, D. N., República Dominicana, 30 de diciembre de 2008.
590 _aInventariado,2018/DG
650 4 _aBibliotecas
_xLegislación
_zRepública Dominicana
_936651
650 4 _aLibro
_xLegislación
_zRepública Dominicana
_936652
650 4 _aLegislación bibliotecaria
_936653
830 0 _aPopular
_913374
910 _aValidado. Control de calidad BNPHU
999 _c29308
_d29308